福建面积最大的9个县级行政区 9 largest counties in Fujian - Statistics

General Stats
  • This quiz has been taken 22 times
  • The average score is 6 of 9
Answer Stats
面积/km² 地市排名 县区 % Correct
4233 南平1 建瓯市
85%
3387 南平2 建阳区
75%
3057 泉州1 安溪县
75%
3104 龙岩1 长汀县
70%
2956 龙岩2 漳平市
60%
2859 南平4 邵武市
60%
3420 三明1 尤溪县
55%
3383 南平3 浦城县
50%
2931 三明2 永安市
40%
No matching quizzes found
Score Distribution
Percent of People with Each Score
Percentile by Number Answered
Your Score History
You have not taken this quiz